| 000 | 00990cab a2200229 4500 | ||
|---|---|---|---|
| 001 | WB3117-53 | ||
| 008 | 090401t1995 xxu||||| |||| 00| 0 eng d | ||
| 035 | _a(Sirsi) u61429 | ||
| 041 | _aeng | ||
| 245 | _aApplication of fraud concealment rule | ||
| 260 | _c1995 | ||
| 350 | _a0 | ||
| 490 |
_aTimes _v5 May 1995, 37 |
||
| 490 |
_aFinancial Times _v5 May 1995, 10(2) |
||
| 520 | _aIn "Sheldon and others v R.H.M. Outhwaite (Underwriting Agencies) Ltd and others", HL 4 May 1995, it was held that Limitation Act 1980 s32(1)(b), providing that where facts had been deliberately concealed by the defendant the limitation period would not begin to run, applied to concealment occurring subsequently to, as well as contemporaneously with the accrual of the cause of action. | ||
| 650 | _aLIMITATION ACT 1980 S32(1)(B) | ||
| 650 | _aLIMITATION PERIOD | ||
| 650 | _aLLOYDS NAMES | ||
| 690 | _aMANAGEMENT-BUSINESS MANAGEMENT-PROFESSIONAL PRACTICE | ||
| 942 | _n0 | ||
| 948 | _c04/03/1997 | ||
| 999 |
_c38054 _d38054 |
||